Capitales d'Europe - Mort Subite - Statistiques

Statistiques générales
  • Ce quiz a été pris 390 fois
  • Le résultat moyen est 13 sur 18
Answers on the Grid
Answers color-coded by a green-red scale on the quiz's grid according to % correct below.
Barcelone
Bratislava
La Valette
Vaduz
Rabat
Hambourg
Bratislava
Skopje
Edimbourg
Berne
Chisinau
Cracovie
Genève
Athènes
Budapest
Tallin
Tirana
Riga
Istanbul
Corfou
Londres
Luxembourg
Serbia
Reykjavik
Vienne
Podgorica
Bruxelles
 
Statistiques - réponses
Réponse % Correct
Londres
80%
Bratislava
79%
La Valette
79%
Athènes
77%
Vienne
77%
Bruxelles
76%
Luxembourg
76%
Berne
74%
Bratislava
72%
Budapest
72%
Reykjavik
69%
Vaduz
68%
Riga
66%
Skopje
63%
Tirana
63%
Tallin
62%
Chisinau
55%
Podgorica
53%
Aucun quiz correspondant
Distribution des résultats
% des personnes avec chaque résultat
Percentile par nombre de réponses
Votre historique - résultats
Vous n’avez pas pris ce quiz